[Event "IND-ch 57th"]
[Site "Majitar"]
[Date "2019.12.18"]
[Round "10"]
[White "Bharat, Kumar Reddy Poluri"]
[Black "Gupta, Abhijeet"]
[Result "1/2-1/2"]
[WhiteElo "2337"]
[BlackElo "2611"]
[PlyCount "146"]
[EventDate "2019.12.10"]
[EventType "swiss"]
[EventRounds "11"]
[EventCountry "IND"]
[SourceTitle "CBM 193 Extra"]
[Source "ChessBase"]
[SourceDate "2020.01.31"]
[SourceVersion "1"]
[SourceVersionDate "2020.01.31"]
[SourceQuality "1"]

1. e4 c5 2. Nf3 d6 3. d4 cxd4 4. Nxd4 Nf6 5. Nc3 Nc6 6. Be2 e5 7. Nb3 Be7 8. 0-0 0-0 9. Bf3 a5 10. a4 Nb4 11. Re1 Be6 12. Nb5 h6 13. Re2 Qc8 14. c3 Nd3 15. Be3 Bxb3 16. Qxb3 d5 17. exd5 e4 18. Bxe4 Nxe4 19. Qc2 Qc4 20. Rd1 Nexf2 21. Bxf2 Nxf2 22. Rd4 Qc5 23. Rxf2 Bg5 24. Rf3 Rae8 25. Kf1 Re5 26. d6 Bd8 27. d7 Qe7 28. Qd1 Re6 29. Nd6 Bb6 30. Nc8 Qd8 31. Rd6 Bc7 32. Rxe6 fxe6 33. Rxf8+ Qxf8+ 34. Ke2 Qd8 35. g3 Qg5 36. Qd4 Kh8 37. Qe4 Qh5+ 38. Qf3 Qxh2+ 39. Kd3 Qxb2 40. Qf8+ Kh7 41. d8Q Qb1+ 42. Ke2 Qe4+ 43. Kf2 Qc2+ 44. Ke3 Bxd8 45. Qxd8 Qc1+ 46. Ke2 Qc2+ 47. Qd2 Qxa4 48. Qd3+ g6 49. Nd6 Qd7 50. c4 a4 51. c5 h5 52. Qc4 e5 53. Qb4 Kg7 54. Ke3 g5 55. Qb2 Kf6 56. Ne4+ Ke6 57. Qb6+ Qc6 58. Qd8 a3 59. Qxg5 Qa6 60. Qg8+ Ke7 61. Qg7+ Ke6 62. Qf6+ Kd7 63. Qf7+ Kc6 64. Qe8+ Kd5 65. Qf7+ Kc6 66. Qe8+ Kd5 67. Qd7+ Kc4 68. Qd3+ Kb4 69. Qc3+ Kb5 70. Qb3+ Kc6 71. Qa2 Kb5 72. Qb3+ Kc6 73. Qe6+ Kb5 1/2-1/2

[Event "IND-ch 57th"]
[Site "Majitar"]
[Date "2019.12.15"]
[Round "7"]
[White "Gurung, Rahul"]
[Black "Bharat, Kumar Reddy Poluri"]
[Result "1-0"]
[WhiteElo "2037"]
[BlackElo "2337"]
[PlyCount "97"]
[EventDate "2019.12.10"]
[EventType "swiss"]
[EventRounds "11"]
[EventCountry "IND"]
[SourceTitle "CBM 193 Extra"]
[Source "ChessBase"]
[SourceDate "2020.01.31"]
[SourceVersion "1"]
[SourceVersionDate "2020.01.31"]
[SourceQuality "1"]

1. e4 e6 2. d4 d5 3. Nd2 c5 4. exd5 Qxd5 5. Ngf3 cxd4 6. Bc4 Qd6 7. 0-0 Nf6 8. Nb3 Nc6 9. Nbxd4 Nxd4 10. Nxd4 Bd7 11. Re1 a6 12. c3 0-0-0 13. Qf3 Qc7 14. Bf1 e5 15. Nc2 e4 16. Qe2 Ng4 17. g3 f5 18. Bf4 Qb6 19. Nd4 Bc5 20. b4 Be7 21. Qc4+ Bc6 22. Qe6+ Rd7 23. Qxf5 h5 24. h3 g5 25. hxg4 gxf4 26. Nxc6 Qxc6 27. Qxf4 hxg4 28. Rxe4 Rf8 29. Qxg4 Kb8 30. Rc4 Qa4 31. b5 Qc2 32. Rf4 Rdd8 33. bxa6 Bc5 34. Qf3 Qb2 35. Rd1 Rxd1 36. Rxf8+ Bxf8 37. Qxd1 Bc5 38. Qf3 bxa6 39. Bxa6 Ka7 40. Bc4 Qd2 41. Kg2 Kb6 42. Qf6+ Kb7 43. g4 Qc2 44. Bd5+ Ka7 45. g5 Qd1 46. Qf7+ Kb6 47. Qb7+ Ka5 48. Qa8+ Kb5 49. a4+ 1-0

[Event "Gujarat op 2nd"]
[Site "Ahmedabad"]
[Date "2019.09.23"]
[Round "2"]
[White "Bharat, Kumar Reddy Poluri"]
[Black "Adarsh, Tripathi"]
[Result "1-0"]
[WhiteElo "2304"]
[BlackElo "1915"]
[PlyCount "61"]
[EventDate "2019.09.22"]
[EventType "swiss"]
[EventRounds "10"]
[EventCountry "IND"]
[SourceTitle "EXT 2020"]
[Source "ChessBase"]
[SourceDate "2019.10.17"]
[SourceVersion "1"]
[SourceVersionDate "2019.10.17"]
[SourceQuality "1"]

1. e4 c5 2. Nf3 d6 3. d4 cxd4 4. Nxd4 Nf6 5. Nc3 g6 6. Be2 Bg7 7. 0-0 0-0 8. Be3 Nc6 9. Nb3 Be6 10. f4 Qc8 11. h3 Rd8 12. Nd4 Nxd4 13. Bxd4 Bc4 14. Bd3 e5 15. fxe5 dxe5 16. Be3 Rd6 17. Bg5 Qc5+ 18. Kh2 b5 19. Qe2 Bxd3 20. cxd3 b4 21. Bxf6 Bxf6 22. Nd5 Bg5 23. Qg4 Rxd5 24. exd5 Bf4+ 25. g3 Bh6 26. Qc4 Qe3 27. d6 Rf8 28. d7 Bg5 29. Rae1 Qd2+ 30. Kh1 Qxb2 31. Rxf7 1-0